[Event "Stay Safe Play From Home 281"]
[Site "Emanuel Lasker Arena"]
[Date "2020.07.06"]
[Round "8"]
[White "Kubas"]
[Black "Lamborghini"]
[Result "0-1"]
[WhiteElo "2448"]
[BlackElo "2260"]
[Annotator "RC"]
[PlyCount "104"]
[EventDate "2020.07.06"]
[EventType "swiss (blitz)"]

1. d4 {[%emt 0:00:01]} Nf6 {[%emt 0:00:02]} 2. Nf3 {[%emt 0:00:01]} g6 {[%emt 0:00:01]} 3. e3 {[%emt 0:00:00]} Bg7 {[%emt 0:00:01]} 4. Be2 {[%emt 0:00:00]} O-O {[%emt 0:00:00]} 5. O-O {[%emt 0:00:00]} d6 {[%emt 0:00:00]} 6. c4 {[%emt 0:00:01]} Nc6 {[%emt 0:00:01]} 7. Nc3 {[%emt 0:00:00]} e5 {[%emt 0:00:01]} 8. Qc2 {[%emt 0:00:01]} Bf5 {[%emt 0:00:01]} 9. e4 {[%emt 0:00:03]} Bg4 {[%emt 0:00:01]} 10. d5 {[%emt 0:00:01]} Bxf3 {[%emt 0:00:02]} 11. Bxf3 {[%emt 0:00:01]} Nd4 {[%emt 0:00:01]} 12. Qd1 {[%emt 0:00:00]} c5 {[%emt 0:00:01]} 13. Bg5 {[%emt 0:00:02]} h6 {[%emt 0:00:01]} 14. Be3 {[%emt 0:00:01]} Kh7 {[%emt 0:00:02]} 15. Be2 {[%emt 0:00:01]} Nd7 {[%emt 0:00:01]} 16. Bd3 {[%emt 0:00:00]} a6 {[%emt 0:00:01]} 17. a4 {[%emt 0:00:03]} Rb8 {[%emt 0:00:01]} 18. a5 {[%emt 0:00:01]} Qc7 {[%emt 0:00:01]} 19. f4 {[%emt 0:00:01]} exf4 {[%emt 0:00:01]} 20. Bxf4 {[%emt 0:00:01]} Ne5 {[%emt 0:00:01]} 21. Kh1 {[%emt 0:00:01]} b5 {[%emt 0:00:02]} 22. axb6 {[%emt 0:00:02]} Rxb6 {[%emt 0:00:01]} 23. Rf2 {[%emt 0:00:02]} Rb4 {[%emt 0:00:04]} 24. Na2 {[%emt 0:00:02]} Rb7 {[%emt 0:00:03]} 25. Be3 {[%emt 0:00:02]} Qb8 {[%emt 0:00:01]} 26. Bxd4 {[%emt 0:00:01]} cxd4 {[%emt 0:00:01]} 27. Rb1 {[%emt 0:00:01]} h5 {[%emt 0:00:03]} 28. b3 {[%emt 0:00:01]} Ng4 {[%emt 0:00:01]} 29. Rf3 {[%emt 0:00:02]} Qe8 {[%emt 0:00:01]} 30. Nc1 {[%emt 0:00:01]} Qe5 {[%emt 0:00:01]} 31. g3 {[%emt 0:00:02]} Qe7 {[%emt 0:00:01]} 32. Kg2 {[%emt 0:00:02]} Ne5 {[%emt 0:00:00]} 33. Rf2 {[%emt 0:00:01]} Rfb8 {[%emt 0:00:00]} 34. Qc2 {[%emt 0:00:01]} a5 {[%emt 0:00:01]} 35. Bf1 {[%emt 0:00:01]} h4 {[%emt 0:00:01]} 36. Nd3 {[%emt 0:00:01]} Ng4 {[%emt 0:00:01]} 37. Rf3 {[%emt 0:00:06]} Qxe4 {[%emt 0:00:01]} 38. Qe2 {[%emt 0:00:02]} Ne3+ {[%emt 0:00:02]} 39. Kg1 {[%emt 0:00:01]} hxg3 {[%emt 0:00:02]} 40. hxg3 {[%emt 0:00:01]} Rxb3 {[%emt 0:00:01]} 41. Rxb3 {[%emt 0:00:02]} Rxb3 {[%emt 0:00:00]} 42. Nf2 {[%emt 0:00:00]} Qe7 {[%emt 0:00:02]} 43. Rf4 {[%emt 0:00:00]} f5 {[%emt 0:00:01]} 44. Rh4+ {[%emt 0:00:01]} Kg8 {[%emt 0:00:01]} 45. Nh3 {[%emt 0:00:00]} d3 {[%emt 0:00:01]} 46. Qd2 {[%emt 0:00:01]} Nxf1 {[%emt 0:00:01]} 47. Kxf1 {[%emt 0:00:01]} Bd4 {[%emt 0:00:01]} 48. Rxd4 {[%emt 0:00:01]} Qe5 {[%emt 0:00:01]} 49. Qf4 {[%emt 0:00:00]} Qxf4+ {[%emt 0:00:01]} 50. Kg1 {[%emt 0:00:00]} Rb1+ {[%emt 0:00:00]} 51. Kg2 {[%emt 0:00:01]} Qf1+ {[%emt 0:00:00]} 52. Kh2 {[%emt 0:00:01]} Qh1# {[%emt 0:00:01] (Lag: Av=0.38s, max=4.5s)} 0-1

[Event "Stay Safe Play From Home 281"]
[Site "Emanuel Lasker Arena"]
[Date "2020.07.06"]
[Round "8"]
[White "SoulofWolf"]
[Black "VotaryRoma"]
[Result "1/2-1/2"]
[WhiteElo "2158"]
[BlackElo "2170"]
[PlyCount "159"]
[EventDate "2020.07.06"]
[EventType "swiss (blitz)"]

1. d4 {[%emt 0:00:00]} Nf6 {[%emt 0:00:01]} 2. Nf3 {[%emt 0:00:00]} g6 {[%emt 0:00:00]} 3. c4 {[%emt 0:00:00]} Bg7 {[%emt 0:00:00]} 4. e3 {[%emt 0:00:00]} O-O {[%emt 0:00:00]} 5. Be2 {[%emt 0:00:00]} d6 {[%emt 0:00:00]} 6. O-O {[%emt 0:00:00]} c5 {[%emt 0:00:00]} 7. Nbd2 {[%emt 0:00:00]} cxd4 {[%emt 0:00:01]} 8. exd4 {[%emt 0:00:00]} e5 {[%emt 0:00:00]} 9. b3 {[%emt 0:00:00]} e4 {[%emt 0:00:01]} 10. Ng5 {[%emt 0:00:01]} Re8 {[%emt 0:00:01]} 11. Qc2 {[%emt 0:00:01]} Bf5 {[%emt 0:00:03]} 12. Qb2 {[%emt 0:00:05]} h6 {[%emt 0:00:02]} 13. Nh3 {[%emt 0:00:00]} Nc6 {[%emt 0:00:01]} 14. Nf4 {[%emt 0:00:01]} Nd7 {[%emt 0:00:04]} 15. g3 {[%emt 0:00:00]} Bxd4 {[%emt 0:00:01]} 16. Qb1 {[%emt 0:00:01]} e3 {[%emt 0:00:02]} 17. Bd3 {[%emt 0:00:04]} exd2 {[%emt 0:00:01]} 18. Bxd2 {[%emt 0:00:01]} Bxd3 {[%emt 0:00:01]} 19. Qxd3 {[%emt 0:00:01]} Nde5 {[%emt 0:00:01]} 20. Qc2 {[%emt 0:00:02]} Bxa1 {[%emt 0:00:02]} 21. Rxa1 {[%emt 0:00:00]} Nf3+ {[%emt 0:00:01]} 22. Kg2 {[%emt 0:00:00]} Nxd2 {[%emt 0:00:00]} 23. Qxd2 {[%emt 0:00:00]} Qf6 {[%emt 0:00:01]} 24. Rd1 {[%emt 0:00:03]} Qe5 {[%emt 0:00:03]} 25. Nd5 {[%emt 0:00:06]} Kg7 {[%emt 0:00:04]} 26. Nc7 {[%emt 0:00:01]} Rad8 {[%emt 0:00:01]} 27. Nxe8+ {[%emt 0:00:01]} Rxe8 {[%emt 0:00:00]} 28. a3 {[%emt 0:00:02]} Rd8 {[%emt 0:00:03]} 29. h3 {[%emt 0:00:01]} Ne7 {[%emt 0:00:01]} 30. Kh2 {[%emt 0:00:01]} d5 {[%emt 0:00:00]} 31. Re1 {[%emt 0:00:01]} Qf6 {[%emt 0:00:01]} 32. Re2 {[%emt 0:00:04]} Nf5 {[%emt 0:00:03]} 33. cxd5 {[%emt 0:00:03]} Qd4 {[%emt 0:00:03]} 34. Qxd4+ {[%emt 0:00:03]} Nxd4 {[%emt 0:00:00]} 35. Re4 {[%emt 0:00:01]} Rxd5 {[%emt 0:00:02]} 36. Kg2 {[%emt 0:00:00]} Ne6 {[%emt 0:00:01]} 37. Rb4 {[%emt 0:00:00]} Rd4 {[%emt 0:00:00]} 38. Rxb7 {[%emt 0:00:01]} a6 {[%emt 0:00:00]} 39. Rb6 {[%emt 0:00:01]} a5 {[%emt 0:00:01]} 40. b4 {[%emt 0:00:00]} axb4 {[%emt 0:00:01]} 41. axb4 {[%emt 0:00:00]} Rd2 {[%emt 0:00:01]} 42. b5 {[%emt 0:00:01]} Rb2 {[%emt 0:00:00]} 43. Kf3 {[%emt 0:00:01]} Nc5 {[%emt 0:00:01]} 44. Kg2 {[%emt 0:00:01]} Nd3 {[%emt 0:00:01]} 45. Kg1 {[%emt 0:00:02]} Rb1+ {[%emt 0:00:01]} 46. Kg2 {[%emt 0:00:02]} Ne1+ {[%emt 0:00:00]} 47. Kh2 {[%emt 0:00:00]} Nf3+ {[%emt 0:00:01]} 48. Kg2 {[%emt 0:00:00]} Nd2 {[%emt 0:00:00]} 49. g4 {[%emt 0:00:00]} g5 {[%emt 0:00:00]} 50. Kg3 {[%emt 0:00:00]} h5 {[%emt 0:00:00]} 51. f3 {[%emt 0:00:00]} Rb3 {[%emt 0:00:01]} 52. gxh5 {[%emt 0:00:00]} Rxf3+ {[%emt 0:00:00]} 53. Kg2 {[%emt 0:00:01]} Rb3 {[%emt 0:00:00]} 54. h6+ {[%emt 0:00:00]} Kh7 {[%emt 0:00:01]} 55. Kf2 {[%emt 0:00:00]} Rb2 {[%emt 0:00:00]} 56. Ke2 {[%emt 0:00:00]} Nc4+ {[%emt 0:00:00]} 57. Kd3 {[%emt 0:00:00]} Nxb6 {[%emt 0:00:00]} 58. Kc3 {[%emt 0:00:01]} Rxb5 {[%emt 0:00:00]} 59. h4 {[%emt 0:00:01]} Kxh6 {[%emt 0:00:00]} 60. hxg5+ {[%emt 0:00:00]} Kh5 {[%emt 0:00:00]} 61. Kd4 {[%emt 0:00:00]} Kg6 {[%emt 0:00:00]} 62. Kc3 {[%emt 0:00:00]} Kxg5 {[%emt 0:00:00]} 63. Kd4 {[%emt 0:00:00]} Kg6 {[%emt 0:00:00]} 64. Kd3 {[%emt 0:00:00]} f6 {[%emt 0:00:00]} 65. Kd4 {[%emt 0:00:00]} f5 {[%emt 0:00:00]} 66. Ke3 {[%emt 0:00:00]} Rb4 {[%emt 0:00:00]} 67. Kf2 {[%emt 0:00:01]} f4 {[%emt 0:00:00]} 68. Kf3 {[%emt 0:00:00]} Nc4 {[%emt 0:00:00]} 69. Ke2 {[%emt 0:00:00]} Rb3 {[%emt 0:00:00]} 70. Kf1 {[%emt 0:00:01]} Na5 {[%emt 0:00:00]} 71. Kf2 {[%emt 0:00:00]} Nc4 {[%emt 0:00:00]} 72. Ke2 {[%emt 0:00:00]} Rb2+ {[%emt 0:00:00]} 73. Kd1 {[%emt 0:00:00]} Rb1+ {[%emt 0:00:01]} 74. Kc2 {[%emt 0:00:00]} Rc1+ {[%emt 0:00:00]} 75. Kd3 {[%emt 0:00:01]} f3 {[%emt 0:00:00]} 76. Ke4 {[%emt 0:00:00]} Kg5 {[%emt 0:00:00]} 77. Kxf3 {[%emt 0:00:00]} Rc2 {[%emt 0:00:01]} 78. Ke4 {[%emt 0:00:00]} Rc3 {[%emt 0:00:00]} 79. Kd4 {[%emt 0:00:00]} Nd2 {[%emt 0:00:00]} 80. Kxc3 {[%emt 0:00:01] (Lag: Av=0.49s, max=4.1s)} 1/2-1/2

[Event "Stay Safe Play From Home 281"]
[Site "Emanuel Lasker Arena"]
[Date "2020.07.06"]
[Round "8"]
[White "Scorpio New"]
[Black "Robk"]
[Result "1-0"]
[WhiteElo "2099"]
[BlackElo "1545"]
[PlyCount "45"]
[EventDate "2020.07.06"]
[EventType "swiss (blitz)"]

1. d3 {[%emt 0:00:01]} Nf6 {[%emt 0:00:03]} 2. Nd2 {[%emt 0:00:00]} g6 {[%emt 0:00:01]} 3. c3 {[%emt 0:00:00]} Bg7 {[%emt 0:00:01]} 4. Qc2 {[%emt 0:00:00]} O-O {[%emt 0:00:01]} 5. e4 {[%emt 0:00:00]} d6 {[%emt 0:00:01]} 6. Ngf3 {[%emt 0:00:00]} e5 {[%emt 0:00:01]} 7. g3 {[%emt 0:00:00]} Nbd7 {[%emt 0:00:01]} 8. Bg2 {[%emt 0:00:00]} Qe7 {[%emt 0:00:01]} 9. O-O {[%emt 0:00:01]} Nh5 {[%emt 0:00:01]} 10. a4 {[%emt 0:00:01]} f5 {[%emt 0:00:01]} 11. Re1 {[%emt 0:00:01]} fxe4 {[%emt 0:00:02]} 12. dxe4 {[%emt 0:00:00]} Nhf6 {[%emt 0:00:02]} 13. Ng5 {[%emt 0:00:01]} c6 {[%emt 0:00:02]} 14. Qb3+ {[%emt 0:00:02]} Kh8 {[%emt 0:00:03]} 15. Ne6 {[%emt 0:00:04]} Re8 {[%emt 0:00:03]} 16. Nc7 {[%emt 0:00:01]} Rf8 {[%emt 0:00:02]} 17. Nxa8 {[%emt 0:00:01]} Nc5 {[%emt 0:00:02]} 18. Qc2 {[%emt 0:00:01]} Be6 {[%emt 0:00:02]} 19. b4 {[%emt 0:00:01]} Na6 {[%emt 0:00:04]} 20. b5 {[%emt 0:00:01]} cxb5 {[%emt 0:00:02]} 21. axb5 {[%emt 0:00:00]} Nc5 {[%emt 0:00:01]} 22. Rxa7 {[%emt 0:00:01]} Ng4 {[%emt 0:00:12]} 23. Rf1 {[%emt 0:00:03] Time (Lag: Av=0.43s, max=0.6s)} 1-0

[Event "Stay Safe Play From Home 281"]
[Site "Emanuel Lasker Arena"]
[Date "2020.07.06"]
[Round "8"]
[White "Haxhi Baha"]
[Black "Mepe_Nika"]
[Result "0-1"]
[WhiteElo "2070"]
[BlackElo "2365"]
[PlyCount "48"]
[EventDate "2020.07.06"]
[EventType "swiss (blitz)"]

1. e4 {[%emt 0:00:01]} e5 {[%emt 0:00:00]} 2. f4 {[%emt 0:00:01]} d5 {[%emt 0:00:00]} 3. exd5 {[%emt 0:00:01]} exf4 {[%emt 0:00:00]} 4. Nf3 {[%emt 0:00:01]} Nf6 {[%emt 0:00:00]} 5. d4 {[%emt 0:00:01]} Nxd5 {[%emt 0:00:01]} 6. c4 {[%emt 0:00:00]} Bb4+ {[%emt 0:00:01]} 7. Kf2 {[%emt 0:00:02]} Ne3 {[%emt 0:00:02]} 8. Qa4+ {[%emt 0:00:04]} Nc6 {[%emt 0:00:01]} 9. d5 {[%emt 0:00:01]} Ng4+ {[%emt 0:00:02]} 10. Ke2 {[%emt 0:00:04]} Qe7+ {[%emt 0:00:01]} 11. Kd1 {[%emt 0:00:06]} O-O {[%emt 0:00:02]} 12. dxc6 {[%emt 0:00:02]} Rd8+ {[%emt 0:00:01]} 13. Kc2 {[%emt 0:00:02]} Bf5+ {[%emt 0:00:02]} 14. Kb3 {[%emt 0:00:01]} bxc6 {[%emt 0:00:01]} 15. Nc3 {[%emt 0:00:05]} Rab8 {[%emt 0:00:01]} 16. Qxc6 {[%emt 0:00:07]} Ne3 {[%emt 0:00:02]} 17. Bxe3 {[%emt 0:00:02]} fxe3 {[%emt 0:00:01]} 18. Nd5 {[%emt 0:00:01]} Rxd5 {[%emt 0:00:04]} 19. cxd5 {[%emt 0:00:03]} e2 {[%emt 0:00:02]} 20. Bxe2 {[%emt 0:00:02]} Qxe2 {[%emt 0:00:00]} 21. a3 {[%emt 0:00:02]} Bxa3+ {[%emt 0:00:06]} 22. Ka4 {[%emt 0:00:04]} Bd7 {[%emt 0:00:06]} 23. Rxa3 {[%emt 0:00:03]} Bxc6+ {[%emt 0:00:03]} 24. dxc6 {[%emt 0:00:00]} Qb5# {[%emt 0:00:01] (Lag: Av=0.77s, max=3.7s)} 0-1

[Event "Stay Safe Play From Home 281"]
[Site "Emanuel Lasker Arena"]
[Date "2020.07.06"]
[Round "8"]
[White "NeatFox"]
[Black "AChessPlayer"]
[Result "0-1"]
[WhiteElo "1925"]
[BlackElo "2405"]
[PlyCount "40"]
[EventDate "2020.07.06"]
[EventType "swiss (blitz)"]

1. g4 {[%emt 0:00:02]} c6 {[%emt 0:00:00]} 2. Bg2 {[%emt 0:00:00]} d6 {[%emt 0:00:00]} 3. c4 {[%emt 0:00:01]} Bxg4 {[%emt 0:00:00]} 4. Qb3 {[%emt 0:00:00]} Bc8 {[%emt 0:00:00]} 5. d4 {[%emt 0:00:01]} Nf6 {[%emt 0:00:00]} 6. Nf3 {[%emt 0:00:00]} Bd7 {[%emt 0:00:01]} 7. Nc3 {[%emt 0:00:00]} Bc8 {[%emt 0:00:00]} 8. Rg1 {[%emt 0:00:01]} Nbd7 {[%emt 0:00:01]} 9. e4 {[%emt 0:00:01]} e5 {[%emt 0:00:00]} 10. dxe5 {[%emt 0:00:01]} dxe5 {[%emt 0:00:00]} 11. Be3 {[%emt 0:00:03]} Nc5 {[%emt 0:00:02]} 12. Qc2 {[%emt 0:00:02]} Qd3 {[%emt 0:00:03]} 13. Qxd3 {[%emt 0:00:07]} Nxd3+ {[%emt 0:00:00]} 14. Kd2 {[%emt 0:00:01]} Nxb2 {[%emt 0:00:00]} 15. Kc2 {[%emt 0:00:01]} Nxc4 {[%emt 0:00:01]} 16. Bc1 {[%emt 0:00:02]} Be6 {[%emt 0:00:01]} 17. a3 {[%emt 0:00:07]} h6 {[%emt 0:00:00]} 18. Rd1 {[%emt 0:00:08]} Bc5 {[%emt 0:00:01]} 19. Ne2 {[%emt 0:00:06]} Bxf2 {[%emt 0:00:01]} 20. Bb2 {[%emt 0:00:05]} Ne3+ {[%emt 0:00:01] NeatFox gibt auf (Lag: Av=0.63s, max=1.1s)} 0-1

[Event "Stay Safe Play From Home 281"]
[Site "Emanuel Lasker Arena"]
[Date "2020.07.06"]
[Round "8"]
[White "Grazie"]
[Black "Klasman"]
[Result "1-0"]
[WhiteElo "1810"]
[BlackElo "1424"]
[Annotator "NA"]
[PlyCount "47"]
[EventDate "2020.07.06"]
[EventType "swiss (blitz)"]

1. d4 {[%emt 0:00:00]} f5 {[%emt 0:00:01]} 2. c3 {[%emt 0:00:00]} Nf6 {[%emt 0:00:01]} 3. g3 {[%emt 0:00:00]} e6 {[%emt 0:00:01]} 4. Bg2 {[%emt 0:00:00]} d5 {[%emt 0:00:01]} 5. Nf3 {[%emt 0:00:00]} c5 {[%emt 0:00:01]} 6. Bg5 {[%emt 0:00:00]} Nc6 {[%emt 0:00:02]} 7. Bxf6 {[%emt 0:00:00]} Qxf6 {[%emt 0:00:01]} 8. dxc5 {[%emt 0:00:00]} Bxc5 {[%emt 0:00:02]} 9. Nbd2 {[%emt 0:00:00]} Bd7 {[%emt 0:00:01]} 10. O-O {[%emt 0:00:00]} O-O {[%emt 0:00:01]} 11. e3 {[%emt 0:00:00]} e5 {[%emt 0:00:01]} 12. Nb3 {[%emt 0:00:02]} Bd6 {[%emt 0:00:03]} 13. Qxd5+ {[%emt 0:00:01]} Kh8 {[%emt 0:00:03]} 14. Rad1 {[%emt 0:00:01]} e4 {[%emt 0:00:05]} 15. Nh4 {[%emt 0:00:08]} g5 {[%emt 0:00:12]} 16. Nxf5 {[%emt 0:00:01]} Bxf5 {[%emt 0:00:04]} 17. Qxd6 {[%emt 0:00:01]} Rad8 {[%emt 0:00:03]} 18. Qxf6+ {[%emt 0:00:03]} Rxf6 {[%emt 0:00:01]} 19. Rxd8+ {[%emt 0:00:00]} Nxd8 {[%emt 0:00:01]} 20. Rd1 {[%emt 0:00:01]} Nc6 {[%emt 0:00:01]} 21. Nd4 {[%emt 0:00:01]} Bc8 {[%emt 0:00:07]} 22. Nxc6 {[%emt 0:00:02]} bxc6 {[%emt 0:00:01]} 23. Rd8+ {[%emt 0:00:01]} Kg7 {[%emt 0:00:03]} 24. Rxc8 {[%emt 0:00:01] Time} 1-0

[Event "Stay Safe Play From Home 281"]
[Site "Emanuel Lasker Arena"]
[Date "2020.07.06"]
[Round "8"]
[White "Bishop91"]
[Black "Mandy"]
[Result "1-0"]
[WhiteElo "1698"]
[BlackElo "921"]
[Annotator "NA"]
[PlyCount "29"]
[EventDate "2020.07.06"]
[EventType "swiss (blitz)"]

1. e4 {[%emt 0:00:01]} c6 {[%emt 0:00:02]} 2. Nf3 {[%emt 0:00:01]} d5 {[%emt 0:00:01]} 3. d4 {[%emt 0:00:00]} Nf6 {[%emt 0:00:04]} 4. e5 {[%emt 0:00:01]} Ne4 {[%emt 0:00:05]} 5. Nc3 {[%emt 0:00:00]} e6 {[%emt 0:00:03]} 6. Nxe4 {[%emt 0:00:01]} dxe4 {[%emt 0:00:02]} 7. Nd2 {[%emt 0:00:00]} Qxd4 {[%emt 0:00:04]} 8. Be2 {[%emt 0:00:04]} Qxe5 {[%emt 0:00:03]} 9. O-O {[%emt 0:00:01]} f5 {[%emt 0:00:04]} 10. Nc4 {[%emt 0:00:00]} Qf6 {[%emt 0:00:03]} 11. Nd6+ {[%emt 0:00:01]} Kd7 {[%emt 0:00:12]} 12. Nxe4+ {[%emt 0:00:02]} Kc7 {[%emt 0:00:12]} 13. Nxf6 {[%emt 0:00:00]} gxf6 {[%emt 0:00:02]} 14. Bf4+ {[%emt 0:00:01]} Kb6 {[%emt 0:00:03]} 15. Qd4+ {[%emt 0:00:02] Zeit (Lag: Av=0.44s, max=0.7s)} 1-0

[Event "Stay Safe Play From Home 281"]
[Site "Emanuel Lasker Arena"]
[Date "2020.07.06"]
[Round "9"]
[White "AChessPlayer"]
[Black "Kubas"]
[Result "1/2-1/2"]
[WhiteElo "2407"]
[BlackElo "2423"]
[PlyCount "114"]
[EventDate "2020.07.06"]
[EventType "swiss (blitz)"]

1. e3 {[%emt 0:00:01]} d5 {[%emt 0:00:01]} 2. Nf3 {[%emt 0:00:00]} Nf6 {[%emt 0:00:00]} 3. d4 {[%emt 0:00:00]} c5 {[%emt 0:00:00]} 4. c4 {[%emt 0:00:00]} cxd4 {[%emt 0:00:01]} 5. exd4 {[%emt 0:00:01]} e6 {[%emt 0:00:00]} 6. Nc3 {[%emt 0:00:01]} Be7 {[%emt 0:00:00]} 7. Bg5 {[%emt 0:00:00]} O-O {[%emt 0:00:01]} 8. Bd3 {[%emt 0:00:01]} dxc4 {[%emt 0:00:01]} 9. Bxc4 {[%emt 0:00:00]} Nbd7 {[%emt 0:00:01]} 10. O-O {[%emt 0:00:00]} Nb6 {[%emt 0:00:01]} 11. Re1 {[%emt 0:00:00]} Nxc4 {[%emt 0:00:01]} 12. Qe2 {[%emt 0:00:00]} Nd6 {[%emt 0:00:01]} 13. Rad1 {[%emt 0:00:01]} Nf5 {[%emt 0:00:00]} 14. d5 {[%emt 0:00:03]} exd5 {[%emt 0:00:02]} 15. g4 {[%emt 0:00:04]} Nd6 {[%emt 0:00:03]} 16. Qxe7 {[%emt 0:00:02]} Qxe7 {[%emt 0:00:02]} 17. Rxe7 {[%emt 0:00:00]} Bxg4 {[%emt 0:00:01]} 18. Bxf6 {[%emt 0:00:01]} gxf6 {[%emt 0:00:01]} 19. Rd3 {[%emt 0:00:03]} Rfe8 {[%emt 0:00:02]} 20. Nxd5 {[%emt 0:00:01]} Rxe7 {[%emt 0:00:04]} 21. Nxe7+ {[%emt 0:00:00]} Kf8 {[%emt 0:00:00]} 22. Nd5 {[%emt 0:00:02]} Rd8 {[%emt 0:00:02]} 23. Nxf6 {[%emt 0:00:01]} Bf5 {[%emt 0:00:01]} 24. Rd4 {[%emt 0:00:01]} Ke7 {[%emt 0:00:02]} 25. Nd5+ {[%emt 0:00:01]} Ke6 {[%emt 0:00:01]} 26. Ne3 {[%emt 0:00:00]} Be4 {[%emt 0:00:01]} 27. Ng5+ {[%emt 0:00:01]} Ke5 {[%emt 0:00:00]} 28. Rxd6 {[%emt 0:00:06]} Rxd6 {[%emt 0:00:05]} 29. Nxf7+ {[%emt 0:00:01]} Ke6 {[%emt 0:00:00]} 30. Nxd6 {[%emt 0:00:00]} Kxd6 {[%emt 0:00:00]} 31. f4 {[%emt 0:00:00]} Kc5 {[%emt 0:00:01]} 32. Kf2 {[%emt 0:00:00]} Kd4 {[%emt 0:00:00]} 33. f5 {[%emt 0:00:01]} Ke5 {[%emt 0:00:01]} 34. Kg3 {[%emt 0:00:01]} Bxf5 {[%emt 0:00:00]} 35. h4 {[%emt 0:00:03]} Bb1 {[%emt 0:00:02]} 36. a3 {[%emt 0:00:01]} Kd4 {[%emt 0:00:00]} 37. Kf4 {[%emt 0:00:02]} a5 {[%emt 0:00:01]} 38. h5 {[%emt 0:00:02]} a4 {[%emt 0:00:01]} 39. h6 {[%emt 0:00:00]} b5 {[%emt 0:00:02]} 40. Ng4 {[%emt 0:00:01]} Kc4 {[%emt 0:00:02]} 41. Nf6 {[%emt 0:00:00]} Kb3 {[%emt 0:00:01]} 42. Nd5 {[%emt 0:00:01]} Kxb2 {[%emt 0:00:01]} 43. Nc7 {[%emt 0:00:00]} Kxa3 {[%emt 0:00:02]} 44. Nxb5+ {[%emt 0:00:00]} Kb4 {[%emt 0:00:01]} 45. Nd4 {[%emt 0:00:01]} a3 {[%emt 0:00:00]} 46. Nc6+ {[%emt 0:00:01]} Kc3 {[%emt 0:00:02]} 47. Na7 {[%emt 0:00:06]} a2 {[%emt 0:00:01]} 48. Nb5+ {[%emt 0:00:00]} Kb4 {[%emt 0:00:01]} 49. Nd4 {[%emt 0:00:01]} a1=Q {[%emt 0:00:01]} 50. Ke5 {[%emt 0:00:00]} Qc3 {[%emt 0:00:01]} 51. Kd5 {[%emt 0:00:01]} Qc5+ {[%emt 0:00:01]} 52. Ke6 {[%emt 0:00:02]} Qxd4 {[%emt 0:00:00]} 53. Kf7 {[%emt 0:00:00]} Qf4+ {[%emt 0:00:00]} 54. Kg7 {[%emt 0:00:00]} Qg5+ {[%emt 0:00:00]} 55. Kh8 {[%emt 0:00:00]} Qxh6 {[%emt 0:00:00]} 56. Kg8 {[%emt 0:00:01]} Qg6+ {[%emt 0:00:00]} 57. Kh8 {[%emt 0:00:00]} Qf7 {[%emt 0:00:02] (Lag: Av=0.47s, max=1.4s)} 1/2-1/2

[Event "Stay Safe Play From Home 281"]
[Site "Emanuel Lasker Arena"]
[Date "2020.07.06"]
[Round "9"]
[White "Mepe_Nika"]
[Black "Bishop91"]
[Result "1-0"]
[WhiteElo "2370"]
[BlackElo "1698"]
[Annotator "NA"]
[PlyCount "53"]
[EventDate "2020.07.06"]
[EventType "swiss (blitz)"]

1. d4 {[%emt 0:00:01]} d5 {[%emt 0:00:01]} 2. Bf4 {[%emt 0:00:00]} e6 {[%emt 0:00:01]} 3. e3 {[%emt 0:00:00]} Bd6 {[%emt 0:00:00]} 4. Bxd6 {[%emt 0:00:01]} Qxd6 {[%emt 0:00:00]} 5. c4 {[%emt 0:00:00]} c6 {[%emt 0:00:00]} 6. Nc3 {[%emt 0:00:00]} Nf6 {[%emt 0:00:01]} 7. Nf3 {[%emt 0:00:00]} Nbd7 {[%emt 0:00:03]} 8. Qc2 {[%emt 0:00:01]} O-O {[%emt 0:00:01]} 9. Bd3 {[%emt 0:00:01]} dxc4 {[%emt 0:00:01]} 10. Bxc4 {[%emt 0:00:00]} b5 {[%emt 0:00:01]} 11. Bd3 {[%emt 0:00:00]} Nd5 {[%emt 0:00:00]} 12. O-O {[%emt 0:00:01]} Nxc3 {[%emt 0:00:01]} 13. bxc3 {[%emt 0:00:00]} Nf6 {[%emt 0:00:01]} 14. Ne5 {[%emt 0:00:01]} Bb7 {[%emt 0:00:02]} 15. a4 {[%emt 0:00:01]} Qd5 {[%emt 0:00:02]} 16. c4 {[%emt 0:00:02]} bxc4 {[%emt 0:00:03]} 17. Bxc4 {[%emt 0:00:00]} Qxd4 {[%emt 0:00:01]} 18. exd4 {[%emt 0:00:01]} Nd5 {[%emt 0:00:01]} 19. Bxd5 {[%emt 0:00:01]} exd5 {[%emt 0:00:00]} 20. Nxc6 {[%emt 0:00:02]} Bxc6 {[%emt 0:00:04]} 21. Qxc6 {[%emt 0:00:02]} Rac8 {[%emt 0:00:00]} 22. Qxd5 {[%emt 0:00:01]} Rfd8 {[%emt 0:00:01]} 23. Qa5 {[%emt 0:00:01]} Rxd4 {[%emt 0:00:01]} 24. Qxa7 {[%emt 0:00:01]} Rcd8 {[%emt 0:00:00]} 25. Rfe1 {[%emt 0:00:01]} R4d7 {[%emt 0:00:01]} 26. Qxd7 {[%emt 0:00:01]} Rxd7 {[%emt 0:00:02]} 27. Re8# {[%emt 0:00:01] (Lag: Av=0.35s, max=0.4s)} 1-0

[Event "Stay Safe Play From Home 281"]
[Site "Emanuel Lasker Arena"]
[Date "2020.07.06"]
[Round "9"]
[White "Lamborghini"]
[Black "VotaryRoma"]
[Result "0-1"]
[WhiteElo "2286"]
[BlackElo "2169"]
[PlyCount "86"]
[EventDate "2020.07.06"]
[EventType "swiss (blitz)"]

1. e4 {[%emt 0:00:02]} c5 {[%emt 0:00:07]} 2. Nf3 {[%emt 0:00:01]} e6 {[%emt 0:00:00]} 3. d4 {[%emt 0:00:01]} cxd4 {[%emt 0:00:00]} 4. Nxd4 {[%emt 0:00:00]} Nc6 {[%emt 0:00:00]} 5. Nc3 {[%emt 0:00:01]} Qc7 {[%emt 0:00:00]} 6. Be3 {[%emt 0:00:01]} a6 {[%emt 0:00:00]} 7. Qd2 {[%emt 0:00:01]} Nf6 {[%emt 0:00:00]} 8. O-O-O {[%emt 0:00:01]} Bb4 {[%emt 0:00:00]} 9. f3 {[%emt 0:00:01]} Ne5 {[%emt 0:00:01]} 10. Nb3 {[%emt 0:00:02]} d6 {[%emt 0:00:02]} 11. Qd4 {[%emt 0:00:02]} Bxc3 {[%emt 0:00:01]} 12. Qxc3 {[%emt 0:00:01]} Qxc3 {[%emt 0:00:01]} 13. bxc3 {[%emt 0:00:00]} Ke7 {[%emt 0:00:00]} 14. c4 {[%emt 0:00:01]} Bd7 {[%emt 0:00:01]} 15. c5 {[%emt 0:00:01]} dxc5 {[%emt 0:00:01]} 16. Bxc5+ {[%emt 0:00:01]} Ke8 {[%emt 0:00:01]} 17. Na5 {[%emt 0:00:03]} Nc6 {[%emt 0:00:02]} 18. Nc4 {[%emt 0:00:01]} b5 {[%emt 0:00:05]} 19. Nd6+ {[%emt 0:00:01]} Ke7 {[%emt 0:00:02]} 20. Nf5+ {[%emt 0:00:02]} Kd8 {[%emt 0:00:00]} 21. Nd6 {[%emt 0:00:04]} Kc7 {[%emt 0:00:02]} 22. Nxf7 {[%emt 0:00:02]} Rhc8 {[%emt 0:00:01]} 23. Bd6+ {[%emt 0:00:01]} Kb7 {[%emt 0:00:01]} 24. Bg3 {[%emt 0:00:02]} Nb4 {[%emt 0:00:02]} 25. Nd6+ {[%emt 0:00:01]} Ka7 {[%emt 0:00:00]} 26. Nxc8+ {[%emt 0:00:01]} Rxc8 {[%emt 0:00:00]} 27. Bf2+ {[%emt 0:00:01]} Kb7 {[%emt 0:00:01]} 28. Rd2 {[%emt 0:00:01]} Nxa2+ {[%emt 0:00:01]} 29. Kb2 {[%emt 0:00:01]} Nc3 {[%emt 0:00:01]} 30. Bd4 {[%emt 0:00:01]} Na4+ {[%emt 0:00:01]} 31. Kb1 {[%emt 0:00:01]} Bc6 {[%emt 0:00:02]} 32. Be2 {[%emt 0:00:01]} Nd7 {[%emt 0:00:02]} 33. Rhd1 {[%emt 0:00:02]} Ndc5 {[%emt 0:00:01]} 34. Bxc5 {[%emt 0:00:01]} Nxc5 {[%emt 0:00:00]} 35. Rd6 {[%emt 0:00:01]} Na4 {[%emt 0:00:01]} 36. R1d3 {[%emt 0:00:02]} b4 {[%emt 0:00:01]} 37. R6d4 {[%emt 0:00:02]} Nc3+ {[%emt 0:00:01]} 38. Rxc3 {[%emt 0:00:02]} bxc3 {[%emt 0:00:00]} 39. Bc4 {[%emt 0:00:01]} Kc7 {[%emt 0:00:01]} 40. Bxe6 {[%emt 0:00:02]} Rb8+ {[%emt 0:00:00]} 41. Kc1 {[%emt 0:00:01]} Rb5 {[%emt 0:00:00]} 42. Bb3 {[%emt 0:00:01]} Ra5 {[%emt 0:00:00]} 43. Rc4 {[%emt 0:00:01]} Ra1# {[%emt 0:00:01] (Lag: Av=0.42s, max=0.6s)} 0-1